000
00229nam a2200097Ia 4500
008
230907s9999||||xx |||||||||||||| ||und||
082
_a
690.2
_b
BUI
245
0
_a
Building performance evaluation :
300
_a
318 p.
942
_c
BK
999
_c
599941
_d
599941